000
00229nam a2200097Ia 4500
001
685735
005
20250826161523.0
008
250824s9999 xx 000 0 und d
245
0
_a
Akıl Labirenti
_c
Markus Sakey
260
_b
KORİDOR
999
_c
685735
_d
685735